000 00941nas a2200313 i 4500
001 444
003 ES-MaACL
005 20250822062541.0
007 t|
008 950801d19801989sp | | 1 ||pa d
022 _a0214-0438
040 _bES-MaACL
_dES-MaACL
080 _a159.925.6
245 0 0 _aBoletín de información grafopsicológica /
_cAsociación Grafopsicológica.
260 _aMadrid :
_bAsociación Grafopsicológica,
_c1980-1989.
300 _av. ;
_c22 cm.
310 _aTrimestral
362 0 _aN. 1 (1980)-(1989)
500 _aDescripción basada en: n. dic. 1981.
650 _aGrafología.
_913152
650 0 7 _aPsicología
_2embne
_916540
655 7 _9226866
_aRevistas
710 2 _aAsociación Grafopsicológica (
_cMadrid)
_91718
785 0 0 _aGramma
_0183449
_w183449
852 _aES-MaACL
_jHEM-H-391
_xHem-1614
866 0 _o(1981)1982-89
942 _2udc
955 _bCRON CRON
999 _c444
_d444